|
|
|
|
| LEADER |
01847nam a2200325 a 4500 |
| 003 |
BD-DhAAL |
| 008 |
100517s2008 ii a b 000 0 eng d |
| 020 |
|
|
|a 8170892791
|
| 040 |
|
|
|a DLC
|c DLC
|d DLC
|d BD-DhAAL
|
| 082 |
0 |
0 |
|a 581.6/34/0954
|2 22
|
| 100 |
1 |
|
|a Kirtikar, Kanhoba Ranchoddas,
|d 1849-1917.
|9 58772
|
| 245 |
1 |
0 |
|a Indian medicinal plants,
|n Volume 1 /
|c by K. R. Kirtikar and B. D. Basu.
|
| 250 |
|
|
|a Second edition/
|b edited, rev. enl., and mostly rewritten by E. Blatter, J. F. Caius, and K. S. Mhaskar.
|
| 260 |
|
|
|a Dehra Dun, India :
|b International Book Distributors,
|c 2008.
|
| 300 |
|
|
|a li, 838 pages :
|b illustrations ;
|c 23 cm.
|
| 362 |
0 |
|
|a Vol.1
|
| 500 |
|
|
|a Reprint of the 2d ed.
|
| 504 |
|
|
|a Includes bibliographical references.
|
| 505 |
0 |
|
|a v. 1-4. Text.
|
| 526 |
|
|
|x Mustak Ibn Ayub
Department of Mathematics and Natural Sciences
Course name and no. "not available"
|
| 541 |
1 |
|
|a Parash Publishers
|e 00019024
|
| 650 |
|
0 |
|a Medicinal plants
|z India.
|9 58773
|
| 650 |
|
0 |
|a Materia medica, Vegetable
|z India.
|9 58774
|
| 650 |
|
0 |
|a Pharmacy.
|
| 700 |
1 |
|
|a Basu, Baman Das,
|d 1867-1930,
|e joint author.
|9 58775
|
| 852 |
4 |
|
|a Ayesha Abed Library
|j General Shelf
|
| 942 |
|
|
|2 ddc
|c BK
|
| 999 |
|
|
|c 8619
|d 8619
|
| 952 |
|
|
|0 0
|1 0
|2 ddc
|4 0
|6 581_634095400000000_KIR_2008
|7 0
|9 10280
|a BRACUL
|b BRACUL
|c GEN
|d 2010-05-17
|e Parash Publishers
|g 10000.00
|l 1
|o 581.6340954 KIR
|p 3010019024
|r 2025-01-29
|s 2025-01-17
|t 1
|w 2010-05-17
|y BK
|x Requisitioned by Mustak Ibn Ayub, Department of Mathematics and Natural Sciences, Course name and no. "not available"
|
| 952 |
|
|
|0 0
|1 0
|2 ddc
|4 0
|6 581_634095400000000_KIR_2008
|7 0
|9 10281
|a BRACUL
|b BRACUL
|c GEN
|d 2010-05-17
|e Parash Publishers
|g 10000.00
|l 0
|o 581.6340954 KIR
|p 3010019025
|r 2010-05-17
|t 2
|w 2010-05-17
|y BK
|x Requisitioned by Mustak Ibn Ayub, Department of Mathematics and Natural Sciences, Course name and no. "not available"
|